000 00896nam a2200265Ia 4500
003 OSt
005 20220923211156.0
006 a|||||r|||| 00| 0
007 ta
008 220922b |||||||| |||| 00| 0 pan d
020 _a8187762454 (hbk)
_c240
024 _a337,562
037 _b1014, 25/01/2018, H.K. Prakashan
_cTextual
040 _aARTS
_cARTS
_bpan
041 _2pan
_apan
082 _aO153,1x, Q7
100 _aਸਿੰਘ, ਮਨਜੀਤ, ਥਦ.
_9159163
245 0 _aਵੇਦਣ ਕਹੀਐ ਕਿਸੁ
260 _aਦਿੱਲੀ
_b ਐਰ. ਕੇ. ਪ੍ਰਕਾFਨ
_c2017
300 _a96ਪ0
_ccm.
650 _a ਪੰਜਾਬੀ ਕਾਵਿ
_9156368
650 _aਪੰਜਾਬੀ ਸਾਹਿਤ
942 _hO153,1x, Q7
_cTEXL
_2CC
999 _c296348
_d296348